| 000 | 01206nam0a2200349 4500 | ||
|---|---|---|---|
| 001 | RU\NLR\BIBL_A\012509359 | ||
| 005 | 20210603152140.0 | ||
| 010 |
_a978-5-6044381-6-9 _9500 |
||
| 021 |
_aRU _bКН-П-20-083030 _9КН-П-20-6300 |
||
| 035 | _a(NLR Aleph) 012509359 | ||
| 035 | _a(RuMoRGB)010521868 | ||
| 090 |
_a12266911 _c12266911 |
||
| 100 | _a20210422d2020 u y0rusy50 ca | ||
| 101 | 0 | _arus | |
| 102 | _aRU | ||
| 105 | _ay|||z|||000zy | ||
| 181 | 0 |
_ai4 _baxxe |
|
| 182 | 0 | _an | |
| 200 | 1 |
_aУлыбка сквозь годы _eрассказы, жизненные истории, статьи _fРасуль Сагитов |
|
| 203 |
_aТекст _bвизуальный _cнепосредственный |
||
| 210 |
_aУфа _cПрокопий _d2020 |
||
| 215 |
_a158, [2] с. _d20 |
||
| 327 | 1 | _aСодерж.: разделы: Рассказы; Истории из моей жизни | |
| 333 | _a16+ | ||
| 686 | 2 | _aШ6(2=Баш)7-4 | |
| 700 | 1 |
_aСагитов _bР. Х. _f1964- _gРасуль Хасанович |
|
| 942 | _cBOOK | ||
| 980 | _aNBR | ||
| 980 | _aNB | ||